Statistics for Disney Channel Characters and Actors

Click here to take the quiz!

General Stats

  • This quiz has been taken 73 times
    (68 since last reset)
  • The average score is 36 of 95

Answer Stats

HintAnswer% Correct
Cody Martin
84%
Miley Stewart
84%
Cole Sprouse
82%
Zack Martin
82%
Dylan Sprouse
78%
Raven Baxter
76%
That's So RavenRaven-Symoné
76%
Hannah MontanaMiley Cyrus
73%
Billy Ray Cyrus
73%
London Tipton
71%
Alex Russo
71%
Wizards of Waverly PlaceSelena Gomez
71%
Charlie Duncan
67%
Max Russo
67%
Sonny Monroe
63%
Sonny with a ChanceDemi Lovato
63%
PJ Duncan
63%
Maddie Fitzpatrick
63%
Ashley Tisdale
63%
The Suite Life on DeckDebby Ryan
61%
Justin Russo
61%
Lizzie McGuire
61%
Jackson Stewart
59%
Brenda Song
59%
Teddy Duncan
59%
Oliver Oken
59%
Gabe Duncan
59%
Bailey Pickett
57%
Lilly Truscott
57%
Marion Moseby
55%
Lizzie McGuireHilary Duff
51%
Bob Duncan
51%
Emily Osment
51%
Amy Duncan
51%
Cory Baxter
51%
Mitchel Musso
49%
Harper Finkle
47%
Jake T. Austin
43%
Good Luck CharlieBridgit Mendler
41%
Chelsea Daniels
41%
Rico Suave, Jr.
41%
Robby Stewart
41%
Theresa Russo
41%
Jerry Russo
37%
Jason Earles
37%
David Gordon
35%
Chad Dylan Cooper
35%
David Henrie
33%
Bradley Steven Perry
33%
Tawni Hart
31%
Phill Lewis
31%
Eddie Thomas
29%
Cory in the HouseJason Dolley
27%
Kyle Massey
27%
Sterling Knight
27%
Mia Talerico
27%
Miranda Sanchez
27%
Carey Martin
24%
Nico Harris
24%
Tiffany Thornton
24%
Zora Lancaster
24%
Jennifer Stone
24%
Matt McGuire
22%
Madison Pettis
20%
Grady Mitchell
18%
Marcus Little
18%
Jo McGuire
18%
Moisés Arias
18%
Anneliese van der Pol
18%
Kim Rhodes
16%
Orlando Brown
16%
Lalaine
16%
Leigh-Allyn Baker
16%
Victor Baxter
16%
Tanya Baxter
14%
David DeLuise
14%
Richard Martínez
14%
Jake Thomas
14%
Doug Brochu
12%
Eric Allan Kramer
12%
Sam McGuire
12%
Doc Shaw
12%
Maiara Walsh
10%
Robert Carradine
10%
Hallie Todd
10%
Sophie Martínez
10%
Adam Lamberg
10%
Rondell Sheridan
8%
Allisyn Ashley Arm
8%
Brandon Mychal Smith
8%
María Canals Barrera
8%
Meena Paroom
6%
Newt Livingston
6%
John D'Aquino
4%
T'Keyah Crystal Keymáh
2%

Score Distribution

Percentile by Number Answered

Percent of People with Each Score

Your Score History

You have not taken this quiz since the last reset